Statistics for Largest Countries without a Point above 10,000 ft

Click here to take the quiz!

General Stats

  • This quiz has been taken 28 times
  • The average score is 16 of 20

Answers on the Map

Answers color-coded by a green-red scale on the quiz's map according to % correct below.
 

Answer Stats

Area (k mi²)Answer% Correct
3288Brazil
96%
2970Australia
92%
390Egypt
88%
728Sudan
88%
679Libya
85%
318Namibia
85%
489Niger
85%
830Saudi Arabia
85%
225Botswana
81%
479Mali
81%
310Mozambique
81%
357Nigeria
81%
291Zambia
81%
241Central African Republic
77%
233Ukraine
77%
481Angola
73%
400Mauritania
73%
246Somalia
73%
229Madagascar
69%
198Thailand
62%

Score Distribution

Percentile by Number Answered

Percent of People with Each Score

Your Score History

You have not taken this quiz